Top 10 Fastest Fish - Statistics

General Stats
  • This quiz has been taken 33 times
  • The average score is 5 of 10
Answer Stats
Top Speed (mph) Fish % Correct
80 Black Marlin
79%
50 Striped Marlin
79%
43 Bluefin Tuna
64%
46 Yellowfin Tuna
64%
40 Swordfish
61%
68 Sailfish
50%
46 Mako Shark
39%
48 Wahoo
18%
43 Blue Shark
7%
43 Bonefish
4%
No matching quizzes found
Score Distribution
Percent of People with Each Score
Percentile by Number Answered
Your Score History
You have not taken this quiz